Best Supporting Actress Nominees of the 21st Century - Statistics

General Stats
  • This quiz has been taken 221 times
    22 since last reset
  • The average score is 84 of 130
Answer Stats
Year Film Actress % Correct
2019 Jojo Rabbit Scarlett Johansson
100%
2018 Vice Amy Adams
93%
2012 The Master Amy Adams
93%
2010 The Fighter Amy Adams
93%
2008 Doubt Amy Adams
93%
2005 Junebug Amy Adams
93%
2012 Les Miserables Anne Hathaway
93%
2024 Wicked Ariana Grande
93%
2007 I'm Not There Cate Blanchett
93%
2006 Notes on a Scandal Cate Blanchett
93%
2004 The Aviator Cate Blanchett
93%
2002 Chicago Catherine Zeta-Jones
93%
2018 The Favourite Emma Stone
93%
2014 Birdman or (The Unexpected Virtue of Ignorance) Emma Stone
93%
2024 The Brutalist Felicity Jones
93%
2022 Everything Everywhere All at Once Jamie Lee Curtis
93%
2019 Marriage Story Laura Dern
93%
2014 Wild Laura Dern
93%
2019 Bombshell Margot Robbie
93%
2011 Bridesmaids Melissa McCarthy
93%
2014 Into the Woods Meryl Streep
93%
2002 Adaptation. Meryl Streep
93%
2016 Manchester by the Sea Michelle Williams
93%
2005 Brokeback Mountain Michelle Williams
93%
2017 The Shape of Water Octavia Spencer
93%
2016 Hidden Figures Octavia Spencer
93%
2011 The Help Octavia Spencer
93%
2007 Atonement Saoirse Ronan
93%
2016 Fences Viola Davis
93%
2008 Doubt Viola Davis
93%
2023 Oppenheimer Emily Blunt
86%
2006 Dreamgirls Jennifer Hudson
86%
2011 The Help Jessica Chastain
86%
2000 Almost Famous Kate Hudson
86%
2014 The Imitation Game Keira Knightley
86%
2016 Lion Nicole Kidman
86%
2019 Little Women Florence Pugh
79%
2005 North Country Frances McDormand
79%
2000 Almost Famous Frances McDormand
79%
2013 American Hustle Jennifer Lawrence
79%
2013 August: Osage County Julia Roberts
79%
2004 Closer Natalie Portman
79%
2009 Nine Penelope Cruz
79%
2008 Vicky Cristina Barcelona Penelope Cruz
79%
2015 Spotlight Rachel McAdams
79%
2018 The Favourite Rachel Weisz
79%
2005 The Constant Gardener Rachel Weisz
79%
2024 Emilia Pérez Zoe Saldaña
79%
2006 Little Miss Sunshine Abigail Breslin
71%
2017 I, Tonya Allison Janney
71%
2023 Barbie America Ferrera
71%
2022 Black Panther: Wakanda Forever Angela Bassett
71%
2020 Hillbilly Elegy Glenn Close
71%
2010 The King's Speech Helena Bonham Carter
71%
2001 A Beautiful Mind Jennifer Connelly
71%
2023 Nyad Jodie Foster
71%
2021 The Power of the Dog Kirsten Dunst
71%
2013 12 Years a Slave Lupita Nyong'o
71%
2020 The Father Olivia Colman
71%
2014 Boyhood Patricia Arquette
71%
2018 If Beale Street Could Talk Regina King
71%
2015 Carol Rooney Mara
71%
2012 Lincoln Sally Field
71%
2025 One Battle After Another Teyana Taylor
71%
2015 The Danish Girl Alicia Vikander
64%
2020 Mank Amanda Seyfried
64%
2025 Weapons Amy Madigan
64%
2009 Up in the Air Anna Kendrick
64%
2021 West Side Story Ariana DeBose
64%
2023 The Holdovers Da'Vine Joy Randolph
64%
2025 Sentimental Value Elle Fanning
64%
2012 The Sessions Helen Hunt
64%
2001 Gosford Park Helen Mirren
64%
2024 Conclave Isabella Rossellini
64%
2021 Belfast Judi Dench
64%
2000 Chocolat Judi Dench
64%
2002 The Hours Julianne Moore
64%
2015 Steve Jobs Kate Winslet
64%
2001 Iris Kate Winslet
64%
2001 Gosford Park Maggie Smith
64%
2010 The Fighter Melissa Leo
64%
2009 Precious: Based on the Novel 'Push' by Sapphire Mo'Nique
64%
2003 Cold Mountain Renee Zellweger
64%
2007 Michael Clayton Tilda Swinton
64%
2004 Kinsey Laura Linney
57%
2010 True Grit Hailee Steinfeld
50%
2003 Thirteen Holly Hunter
50%
2015 The Hateful Eight Jennifer Jason Leigh
50%
2021 The Lost Daughter Jessie Buckley
50%
2022 The Banshees of Inisherin Kerry Condon
50%
2003 Mystic River Marcia Gay Harden
50%
2000 Pollock Marcia Gay Harden
50%
2008 The Wrestler Marisa Tomei
50%
2001 In the Bedroom Marisa Tomei
50%
2024 A Complete Unknown Monica Barbaro
50%
2002 Chicago Queen Latifah
50%
2013 Blue Jasmine Sally Hawkins
50%
2022 Everything Everywhere All at Once Stephanie Hsu
50%
2008 The Curious Case of Benjamin Button Taraji P. Henson
50%
2009 Up in the Air Vera Farmiga
50%
2007 Gone Baby Gone Amy Ryan
43%
2011 The Artist Berenice Bejo
43%
2022 The Whale Hong Chau
43%
2012 Silver Linings Playbook Jacki Weaver
43%
2010 Animal Kingdom Jacki Weaver
43%
2019 Richard Jewell Kathy Bates
43%
2002 About Schmidt Kathy Bates
43%
2017 Lady Bird Laurie Metcalf
43%
2009 Crazy Heart Maggie Gyllenhaal
43%
2017 Mudbound Mary J. Blige
43%
2020 Minari Youn Yuh-Jung
43%
2023 The Color Purple Danielle Brooks
36%
2013 Nebraska June Squibb
36%
2016 Moonlight Naomie Harris
36%
2025 Sinners Wunmi Mosaku
36%
2017 Phantom Thread Lesley Manville
29%
2004 Sideways Virginia Madsen
29%
2006 Babel Adriana Barraza
21%
2021 King Richard Aunjanue Ellis
21%
2025 Sentimental Value Inga Ibsdotter Lilleaas
21%
2011 Albert Nobbs Janet McTeer
21%
2000 Billy Elliot Julie Walters
21%
2020 Borat Subsequent Moviefilm Maria Bakalova
21%
2003 Pieces of April Patricia Clarkson
21%
2007 American Gangster Ruby Dee
21%
2004 Hotel Rwanda Sophie Okonedo
21%
2005 Capote Catherine Keener
14%
2018 Roma Marina de Tavira
14%
2006 Babel Rinko Kikuchi
14%
2003 House of Sand and Fog Shohreh Aghdashloo
14%
No matching quizzes found
Score Distribution
Percent of People with Each Score
Percentile by Number Answered
Your Score History
You have not taken this quiz since the last reset